Statistiques concernant QCM sur tous les Pokémon de la 2G

Cliquez ici pour prendre le quiz!

Statistiques générales

  • Ce quiz a été pris 14 fois
  • Le résultat moyen est 32 sur 100

Statistiques - réponses

QuestionRéponse% Correct
154: Méganium- Quel est le deuxième type de Méganium?Il n'a pas de deuxième type
77%
155: Héricendre- Dans quel jeu Héricendre n'apparaît-il pas en tant que Starter de départ?Pokémon Rouge Feu
77%
152: Germignon- Dans l'anime, quel est le seul Dresseur de cette liste à ne pas avoir eu de Germignon à un moment dans son équipe?Erika
69%
161: Fouinette- Dans les jeux qui se déroulent dans la région de Johto, Fouinette est un des premiers Pokémon capturables. Où peut-on alors le capturer pour la première fois?Route 29
62%
156: Feurisson- Dans quelle région le Héricendre de Sacha finit-il par évoluer en Feurisson?Sinnoh
62%
157: Typhlosion- Quelle est la catégorie de l'espèce de Typhlosion, dont il partage le nom avec celui d'un Badge?Volcan
54%
214: Scarhino- Dans combien de Ligues Sacha a-t-il utilisé Scarhino? (Attention, je ne compte que les compétitions finales, donc pas de Matchs extrêmes)2
46%
175: Togepi- Dans quelles générations trouve-t-on les évolutions de Togepi?2G et 4G
46%
171: Lanturn- Etant un Pokémon sous-marin, quelle extension du JCC Pokémon a très logiquement mis à l'honneur la première Lanturn?Aquapolis
46%
236: Débugant- Quelles sont les 2 Statistiques déterminantes dans l'évolution de Débugant en Kicklee, Tygnon ou Kapoera?Attaque et Défense
46%
182: Joliflor- Comment Joliflor évolue-t-il à partir d'Ortide?Avec une Pierre Soleil
46%
230: Hyporoi- En quoi Hyporoi est-il unique dans Or et Argent ?C'est le seul Pokémon Dragon de la deuxième génération
46%
167: Mimigal- Quel Pokémon Mimigal remplace-t-il dans l'équipe d'Hector dans l'anime par rapport aux jeux Or, Argent et Cristal?Coconfort
46%
251: Celebi- Ou se trouve l'autel érigé en l'honneur de Celebi dans les jeux se déroulant à Johto?Dans le Bois aux Chênes
46%
173: Mélo- Quel(s) est/sont le(s) type(s) de Mélo depuis la 6ème génération?Fée
46%
250: Ho-Oh- Quelle affirmation concernant Ho-Oh est fausse?Flamme Ultime est sa capacité signature
46%
193: Yanma- Quelle affirmation est fausse concernant Yanma?Il a 1 paire d'ailes
46%
206: Insolourdo- Quelle affirmation est fausse concernant Insolourdo?Il est de type Insecte
46%
186: Tarpaud- Quel point commun Tarpaud ne partage-t-il pas avec Roigada?Il est un Pokémon du Pokégroupe dans l'anime
46%
177: Natu- Avant la 8ème génération, quel record du type Vol Natu détenait-il seul?Il était le plus petit des Pokémon de type Vol
46%
231: Phanpy- Quelle affirmation est fausse concernant Phanpy?Il évolue dans la 3ème génération
46%
219: Volcaropod- Que se passe-t-il au niveau des types lorsque Limagma évolue en Volcaropod?Il gagne un type
46%
216: Quel Teddiursa n'existe pas?Le partenaire de Blanche, Championne de type Normal de Johto
46%
181: Pharamp- Pharamp est le premier Pokémon de la 2ème génération à pouvoir......Méga-Evoluer
46%
194: Axoloto- Un Axoloto de Paldéa peut-il évoluer en Maraiste?Non, il évolue en un autre Pokémon
46%
169: Nostenfer- Quel Dresseur est le premier à avoir un Nostenfer dans l'anime?Pierre
46%
207: Scorplane- Avec le gain d'un niveau et la nuit, quelle est la 3ème condition pour que Scorplane évolue dans la quatrième génération ?Qu'il tienne un Croc Rasoir
46%
211: Qwilfish- Sélectionne l'affirmation intruse (fausse) :Qwilfish a le même double type que sa forme de Hisui
46%
246: Embrylex- Quels sont les 2 types d'Embrylex?Roche et Sol
46%
241: Ecremeuh- De quel Pokémon Ecremeuh est-il le pendant féminin?Tauros
46%
191: Comment s'écrit le nom correct de ce Pokémon?Tournegrin
46%
187: Granivol- Quelle est la 1ère capacité de départ de Granivol, qui a d'ailleurs été la capacité signature du Pokémon n°129?Trempette
46%
239: Elekid- Qui sont les Elektek, cette équipe que Cathy, Dresseuse d'un Elekid dans l'anime, supporte avec ferveur?Une équipe de baseball
46%
178: Xatu- De quel élément de la culture américaine Xatu est-il inspiré, lui empruntant même une partie de son nom dans plusieurs langues, comme le français et le japonais?Un totem
46%
221: Cochignon- De quel autre Pokémon la condition d'évolution de Cochignon est-elle identique?Yanma
46%
180: Lainergie- A part Lainergie, combien de Pokémon de type Electrik peuvent apprendre l'attaque Spore Coton par montée de niveau?2
38%
176: Togetic- Combien de types Togetic a-t-il eu dans sa forme normale jusqu'à maintenant?3
38%
215: Farfuret- Dans lequel de ces jeux Farfuret n'apparaît-il pas du tout?Aucun de ces jeux, il apparaît dans tous ceux là
38%
223: Rémoraid- Quel est le seul moyen d'obtenir Rémoraid dans Or et Argent ?Avec une des Cannes
38%
234: Cerfrousse- Laquelle de ces conditions n'en est pas une pour faire évoluer Cerfrousse dans Légendes Pokémon Arceus?Compléter la page Pokédex de Cerfrousse
38%
205: Foretress- Quelle est la Statistique la plus élevée de Foretress à son niveau maximum?Défense
38%
224: Octillery- De quel type est Octazooka, la capacité signature d'Octillery?Eau
38%
220: Marcacrin- Qui est le premier Champion d'Arène connu à l'utiliser dans les jeux vidéo?Frédo
38%
188: Floravol- Parmi ces Pokémon de la 1ère génération, lequel possède un type dont les capacités multiplient par 4 les dégâts infligés à Granivol?Glace
38%
192: Héliatronc- Quel est l'effet du Talent Chlorophylle, le plus courant chez les Héliatronc?Il augmente la Vitesse par temps ensoleillé
38%
172: Pichu- Dans Pokémon Or Heartgold et Argent Soulsilver, quelle était la principale caractéristique du Pichu trouvable au Bois des Chênes grâce à un évènement spécial?Il avait 3 épis sur l'oreille gauche
38%
242: Leuphorie- Quelle affirmation est fausse concernant Leuphorie?Il évolue de Leveinard grâce à une Pierre Ovale
38%
235: Queulorior- Quel point commun Queulorior partage-t-il avec Terhal, un Pokémon de la 3ème génération?Il ne peut apprendre qu'une seule capacité
38%
198: Cornèbre- Quel Rival de Sacha voyage à Johto avant de revenir dans sa région natale avec un Cornèbre?Paul
38%
183: Marill- Quel était le surnom de Marill avant son annonce officielle dans les jeux de la 2ème génération?Pikablue
38%
201: Zarbi- Parmi ces phrases, laquelle n'énonce pas une vérité concernant Zarbi?Zarbi est un Pokémon légendaire
38%
166: Coxyclaque- Quelle est la bonne affirmation chiffrée concernant Coxyclaque?Coxyclaque possède 4 bras et 5 étoiles sur le dos
31%
227: Airmure- Dans lequel de ces épisodes Airmure n'apparaît-il pas?Dans un épisode de combat entre Sacha et Paul, dans l'équipe de Paul
31%
185: Simularbre- Dans quelle ville peut-on obtenir le Carapuce à O dans Or et Argent, objet qui permet d'obtenir Simularbre?Doublonville
31%
237: Kapoera- De quoi le nom de Kapoera vient-il?D'un art martial
31%
163: Hoothoot- Quelle information est vraie concernant Hoothoot ?Il est le 1er Pokémon de la deuxième génération à avoir 2 types
31%
153: Macronium- Quelle affirmation est fausse concernant Macronium?Il évolue au niveau 34
31%
218: Limagma- Quel est le deuxième effet du Talent Corps Ardent, à part la possibilité de brûler son adversaire après une attaque directe de sa part?Il permet de faire éclore les Oeufs plus vite
31%
199: Roigada- Que ne possède pas Flagadoss qu'a Roigada?La faculté de parler
31%
245: Suicune- Parmi les propositions suivantes, laquelle n'est pas liée à une apparition de Suicune?L'anime Noir & Blanc
31%
170: Loupio- Avant quel film est diffusé le court-métrage Pikachu et Pichu, dans lequel apparaît Loupio pour la première fois ?Le film 3: Le sort des Zarbi
31%
228: Malosse- De quel catégorie de Pokémon très rare du JCC fait-il partie?Les Pokémon de la Team Magma
31%
159: Crocrodil- Quelle attaque Crocrodil apprend-t-il au même niveau auquel il évolue?Mâchouille
31%
248: Tyranocif- Quel Tyranocif n'existe pas?Tyranocif de Pierre dans l'anime
31%
190: Dans combien de régions différentes le Capumain de Sacha l'a-t-il accompagné?2: Kanto et Sinnoh
23%
225: Cadoizo- A qui appartient le premier Cadoizo que l'on peut voir dans l'anime?A la Team Rocket
23%
197: Noctali- En français, le suffixe -li se rapporte......aux pierres d'Evolutions
23%
179: Wattouat- Dans quelle langue le nom de Wattouat ne s'inspire pas du mouton mais de l'agneau?En allemand
23%
217: Ursaring- Quelle affirmation est vraie concernant Ursaring?Il évolue lors d'une nuit de pleine lune
23%
213: Caratroc- Quel est le nom du Caratroc confié par un homme dans une maison d'Irisia à Johto dans les jeux vidéo ?Nessy
23%
189: Cotovol- Parmi ces Champions d'Arène spécialistes du type Plante, lequel n'a jamais eu de Cotovol dans une de ces équipes?Percy
23%
162: Fouinar- Quel est le niveau minimum d'un Fouinar si on a entraîné un Fouinette pour y parvenir?15
15%
249: Lugia- De combien de jeux Lugia est-il le Pokémon emblématique de la jaquette?3
15%
202: Qulbutoké- Combien d'yeux Qulbutoké possède-t-il?4
15%
244: Entei- Dans Super Smash Bros for Wii et 3DS, quelle attaque Entei lance-t-il pour aider le combattant?Danseflamme
15%
232: Donphan- Quelle affirmation est vraie concernant Donphan?Il apparaît dans le premier film Pokémon, avant la sortie d'Or et Argent
15%
158: Kaiminus- Quelle affirmation est fausse concernant l'évolution de Kaiminus?Il perd des écailles rouges sur son corps
15%
240: Magby- A quel groupe d'Oeufs Magby appartient-il?Inconnu
15%
203: Girafarig- Depuis quelle génération Girafarig n'est-il plus le seul Pokémon de type Normal/Psy?La 5ème
15%
212: Quelle partie du corps selon le sexe chez les Cizayox?L'abdomen
15%
195: Maraiste- Quel objet un Maraiste de Ville Griotte vole-t-il à Sacha dans l'anime ?La GS Ball
15%
238: Lippouti- Dans l'ordre du Pokédex National (en se référant aux numéros du pokédex) , Lippouti est le combientième Pokémon de type Glace?Le 17ème
15%
229: Démolosse- Quelle partie du corps de Démolosse change selon son sexe?Ses cornes
15%
174: Toudoudou- Quelle affirmation est fausse concernant les Bébés Pokémon, groupe dont fait partie Toudoudou?Un Bébé Pokémon est au stade 1 de l'évolution
15%
204: Pomdepik- Avec quel Ball Pierre capture-t-il un Pomdepik dans l'anime?Une Speedball
15%
243: Raikou- Dans quelle direction part Raikou quand on le rencontre dans la Tour Cendrée, dans Or et Argent?Vers l'est
15%
160: Aligatueur- Des 3 évolutions finales, Aligatueur est le plus grand des 3. Si Méganium fait 1,8m et Typhlosion 1,7m, quelle est la taille du dernier?2.3
8%
210: Granbull- Quel est le pourcentage de chance que Granbull soit une femelle?75%
8%
233: Porygon2- Où peut-on trouver l'Améliorator dans Or et Argent, objet qui permet à Porygon d'évoluer en Porygon2 s'il est échangé en le tenant?A la Sylphe SARL à Safrania
8%
222: Corayon- A quels groupes d'Oeufs Corayon appartient-il?Aquatique 1 et Aquatique 3
8%
196: Mentali- Quelle affirmation est vraie concernant Mentali?Depuis Epee et Bouclier, son évolution est conditionnée par un 3ème critère
8%
165: Coxy- Quel type n'est pas concerné par l'effet du Talent caché de Coxy, Phobique, qui agit sur sa Vitesse?Feu
8%
226: Démanta- Quelle affirmation est vraie sur Démanta?Il pèse plus de 200 kilos
8%
208: Steelix- Quelle fonctionnalité dans la quatrième génération permettait d'interagir avec Steelix de manière unique?La balance du Pokédex
8%
184: Azumarill- Dans lequel de ces jeux Azumarill n'est-il pas apparu?Légendes Pokémon: Arceus
8%
209: Snubbull- Avec quel autre Pokémon de la deuxième génération Snubbull est-il apparu pour la première fois dans "Les vacances de Pikachu"?Marill
8%
200: Feuforêve- A quelle catégorie l'espèce de Feuforêve est-elle affiliée?Pokémon Strident
8%
164: Noarfang- Si Louis le Gentleman, au Phare d'Oliville, a capturé son Noarfang à l'état sauvage dans Or et Argent, quelle est la seule manière pour lui de l'avoir obtenu?Sur la Route 43, dans les hautes herbes
8%
247: Ymphect- Quelle Statistique de Ymphect est égale au nombre de Pokémon total des 2 premières générations?Attaque Spéciale
0%
168: Migalos- Dans la deuxième génération, quelle était la capacité signature de Migalos?Piqure
0%

Distribution des résultats

Percentile par nombre de réponses

% des personnes avec chaque résultat

Votre développement - résultats

Vous n’avez pas pris ce quiz